000 00328nam a22001457a 4500
008 210520b ||||| |||| 00| 0 eng d
020 _a9780028650203
041 _aeng
080 _a030
082 _a030
100 _a23
101 _aENC
245 _aMacmillan Encyclopedia of Energy
_cJohn Zumerchik
942 _2udc
_cBK
999 _c57544
_d57544